<?xml version="1.0" encoding="UTF-8"?>
<record
    xmlns:xsi="http://www.w3.org/2001/XMLSchema-instance"
    xsi:schemaLocation="http://www.loc.gov/MARC21/slim http://www.loc.gov/standards/marcxml/schema/MARC21slim.xsd"
    xmlns="http://www.loc.gov/MARC21/slim">

  <leader>03271nam a2200553Ia 4500</leader>
  <controlfield tag="001">26</controlfield>
  <controlfield tag="008">241029s9999    xx            000 0 und d</controlfield>
  <datafield tag="010" ind1=" " ind2=" ">
    <subfield code="a">21</subfield>
  </datafield>
  <datafield tag="041" ind1=" " ind2=" ">
    <subfield code="a">Espa&#xF1;ol</subfield>
  </datafield>
  <datafield tag="082" ind1=" " ind2=" ">
    <subfield code="a">MLLL001</subfield>
  </datafield>
  <datafield tag="245" ind1=" " ind2="0">
    <subfield code="a">Caracter&#xED;sticas de los trastornos de habla y lenguaje y su incidencia en el proceso ense&#xF1;anza-aprendizaje de la Lectoescritura, de los estudiantes de la Escuela de Educaci&#xF3;n Especial de Puerto Plata, per&#xED;odo septiembre-diciembre 2011.</subfield>
  </datafield>
  <datafield tag="260" ind1=" " ind2=" ">
    <subfield code="a">Santiago</subfield>
  </datafield>
  <datafield tag="300" ind1=" " ind2=" ">
    <subfield code="a">123</subfield>
  </datafield>
  <datafield tag="520" ind1=" " ind2=" ">
    <subfield code="a">5</subfield>
  </datafield>
  <datafield tag="630" ind1=" " ind2=" ">
    <subfield code="a">Lenguaje y Lenguas-Ense&#xF1;anza</subfield>
  </datafield>
  <datafield tag="630" ind1=" " ind2=" ">
    <subfield code="a">Proceso de Ense&#xF1;anza-Aprendizaje</subfield>
  </datafield>
  <datafield tag="630" ind1=" " ind2=" ">
    <subfield code="a">Trastornos del Aprendizaje</subfield>
  </datafield>
  <datafield tag="650" ind1=" " ind2=" ">
    <subfield code="a">Competencia Ling&#xFC;&#xED;stica</subfield>
  </datafield>
  <datafield tag="690" ind1=" " ind2=" ">
    <subfield code="a">Copiado sin cambios</subfield>
  </datafield>
  <datafield tag="700" ind1=" " ind2=" ">
    <subfield code="e">asesor</subfield>
    <subfield code="a">Abr&#xE9;u , Fabio</subfield>
  </datafield>
  <datafield tag="700" ind1=" " ind2=" ">
    <subfield code="e">autor</subfield>
    <subfield code="a">Almonte &#xC3;&#x81;lvarez , Francia Mercedes </subfield>
  </datafield>
  <datafield tag="700" ind1=" " ind2=" ">
    <subfield code="e">autor</subfield>
    <subfield code="a">Grull&#xF3;n Francisco, Anyelina</subfield>
  </datafield>
  <datafield tag="901" ind1=" " ind2=" ">
    <subfield code="a">{"1":"Almonte &#xC3;&#x81;lvarez ","2":"Grull&#xF3;n Francisco"}</subfield>
    <subfield code="b">{"1":"Francia Mercedes ","2":"Anyelina"}</subfield>
  </datafield>
  <datafield tag="902" ind1=" " ind2=" ">
    <subfield code="a">1</subfield>
  </datafield>
  <datafield tag="903" ind1=" " ind2=" ">
    <subfield code="a">{"1":"Abr&#xE9;u "}</subfield>
    <subfield code="b">{"1":"Fabio"}</subfield>
  </datafield>
  <datafield tag="904" ind1=" " ind2=" ">
    <subfield code="a">Mag&#xED;ster en</subfield>
  </datafield>
  <datafield tag="905" ind1=" " ind2=" ">
    <subfield code="a">Ling&#xFC;&#xED;stica Aplicada</subfield>
  </datafield>
  <datafield tag="906" ind1=" " ind2=" ">
    <subfield code="a">1</subfield>
  </datafield>
  <datafield tag="907" ind1=" " ind2=" ">
    <subfield code="a">Orientada en</subfield>
  </datafield>
  <datafield tag="908" ind1=" " ind2=" ">
    <subfield code="a">Ense&#xF1;anza de la Lengua Espa&#xF1;ola</subfield>
  </datafield>
  <datafield tag="909" ind1=" " ind2=" ">
    <subfield code="a">ISFODOSU, Recinto Lu&#xED;s Napole&#xF3;n N&#xFA;&#xF1;ez Molina</subfield>
  </datafield>
  <datafield tag="910" ind1=" " ind2=" ">
    <subfield code="a">NULL</subfield>
    <subfield code="b">NULL</subfield>
  </datafield>
  <datafield tag="911" ind1=" " ind2=" ">
    <subfield code="a">["1"]</subfield>
  </datafield>
  <datafield tag="912" ind1=" " ind2=" ">
    <subfield code="a">NO APLICA</subfield>
  </datafield>
  <datafield tag="913" ind1=" " ind2=" ">
    <subfield code="a">NULL</subfield>
  </datafield>
  <datafield tag="914" ind1=" " ind2=" ">
    <subfield code="a">01 de Marzo de 2012</subfield>
  </datafield>
  <datafield tag="915" ind1=" " ind2=" ">
    <subfield code="a">17/11/19 08:11</subfield>
  </datafield>
  <datafield tag="916" ind1=" " ind2=" ">
    <subfield code="a">NULL</subfield>
  </datafield>
  <datafield tag="917" ind1=" " ind2=" ">
    <subfield code="a">NULL</subfield>
  </datafield>
  <datafield tag="918" ind1=" " ind2=" ">
    <subfield code="a">NO APLICA</subfield>
  </datafield>
  <datafield tag="919" ind1=" " ind2=" ">
    <subfield code="a">["130","163","196"]</subfield>
  </datafield>
  <datafield tag="520" ind1=" " ind2=" ">
    <subfield code="a">Esta investigaci&#xF3;n se hizo con el prop&#xF3;sito de analizar las caracter&#xED;sticas de los trastornos de habla y lenguaje y su incidencia en el proceso ense&#xF1;anza-aprendizaje de la Lecto-escritura de los estudiantes de la Escuela de Educaci&#xF3;n Especial de Puerto Plata.La investigaci&#xF3;n se corresponde con el estudio de tipo documental, de campo y descriptivo.La poblaci&#xF3;n de esta investigaci&#xF3;n la conforman ciento sesenta (160) estudiantes que est&#xE1;n inscritos en el Centro, los cuales se distribuyen de la siguiente manera 56% masculino para un total de noventa (90) alumnos y el 44% femenino para una poblaci&#xF3;n de setenta (70) estudiantes, adem&#xE1;s los dieciocho (18) docentes que laboran en el plantel; &#xA0;as&#xED; como la directora del mismo. De los ciento sesenta (160) alumnos inscritos, ciento veintidos (122) est&#xE1;n el &#xE1;rea preocupacional donde reciben clase de Ebanister&#xED;a, Plomer&#xED;a, Arte y Belleza.Se tom&#xF3; una muestra de treinta y ocho (38) alumnos y diez (10) maestros. Como instrumento para recolectar la informaci&#xF3;n se emplearon el cuestionario, la entrevista y gu&#xED;a de observaci&#xF3;n.El estudio concluye, destacando que los trastornos de habla y lenguaje que presentan los ni&#xF1;os de la Escuela de Educaci&#xF3;n Especial de Puerto Plata, hacen dif&#xED;cil que &#xE9;sta pueda expresar sus ideas con claridad acompa&#xF1;ado con un lenguaje muy reducido. Esto limita el aprendizaje y se manifiesta con dificultades en el trazado correcto de las letras en el paralelismo de las l&#xED;neas, en el tama&#xF1;o de las letras en la precisi&#xF3;n escrita y dificultad en el uso correcto de la ortograf&#xED;a.&#xA0;</subfield>
  </datafield>
  <datafield tag="921" ind1=" " ind2=" ">
    <subfield code="a">11</subfield>
  </datafield>
  <datafield tag="922" ind1=" " ind2=" ">
    <subfield code="a">11</subfield>
  </datafield>
  <datafield tag="923" ind1=" " ind2=" ">
    <subfield code="a">0</subfield>
  </datafield>
  <datafield tag="924" ind1=" " ind2=" ">
    <subfield code="a">NO APLICA</subfield>
  </datafield>
  <datafield tag="942" ind1=" " ind2=" ">
    <subfield code="c">Tesis</subfield>
  </datafield>
  <datafield tag="999" ind1=" " ind2=" ">
    <subfield code="c">21</subfield>
    <subfield code="d">21</subfield>
  </datafield>
</record>
